000 00354cam a22001457a 4500
008 180718b1927 xxu||||| |||| 00| 0 eng d
082 _aBA M228
100 _aMcMillan, R.
245 _aThe Origin of the world
_cby R. McMillan
260 _aLondon
_bWatts
_c1927
300 _a142p.
500 _aFirst pub. 1914
650 _aZoology
650 _aEarth
999 _c373199
_d373199